000 02080nam a2200397 c 4500
003 BLK
005 20180422105245.0
008 180409b bul|||||r ||||||| ||bul||
010 _aKNG00104331000
020 _a954-712-172-3
_bиздат.: Русенски унив. А. Кънчев
040 _aBLK
041 _aBUL
_cBUL
080 _aКапиталовложения. Образуване на капитала. Инвестиции
_b330.322
_x(075.8)
_z330.322(075.8)
080 _aВземане на решения. План. Спецификация
_b005.53
_x(075.8)
_z005.53(075.8)
100 1 _aПапазов, Кръстю Игнатов
_eпърви автор
_9268827
700 1 _aПапазов, Емил Кръстев
_eсъавт.
_9372564
700 1 _aПавлов, Даниел Йорданов
_eсъавт.
_9307996
139 _aПапазов, Кръстю Игнатов и др.
_bП 21
245 1 0 _aУправление на инвестиционни проекти
_cКръстю Игнатов Папазов; съавт. Емил Кръстев Папазов; съавт. Даниел Йорданов Павлов.
257 _aBGR
260 Русе
_bРусенски унив. А. Кънчев
_c2002
_fРусе : РУ "А. Кънчев"
300 _a122 с.
_bс табл.
_c20 см
380 _a3
500 _aСъдържа и Таблица на дисконтните коефиценти ; Въпросник. - Библиогр. след отд. части. - По Програма Tempus IB JEP 14350 "Regional Non-Governmental Organisations Institution Building".
650 4 _aИнвестиции - организация и управление
_9252797
650 4 _aПроекти - управление и организация
_9277666
653 _aпроекти
653 _aинвестиции
653 _aценни книжа
653 _aинвестиционен фонд
852 _aЦб 213173
856 4 _qpdf
_u
856 4 _qpdf
_u
942 _cKNG
_n0
944 _aCR
_c01.01.2002
_kКети_Илиева
944 _aED
_c14.11.2012
_k
999 _c99328
_d99328